Medaliści Pucharu Azji - Statystyki

Ogólne statystyki
  • Ten quiz został rozwiązany 57 razy
  • Średni wynik to 14 z 17
Statystyki odpowiedzi
Reprezentacja Mistrzostwo Wicemistrzostwo 3 miejsce % Poprawnych
Arabia Saudyjska 3 3 0
100%
Chiny 0 2 2
100%
Korea Poludniowa 2 4 4
100%
Iran 3 0 4
98%
Japonia 4 1 0
98%
Irak 1 0 0
96%
Indie 0 1 0
92%
Katar 2 0 0
92%
Australia 1 1 0
88%
Tajlandia 0 0 1
80%
Zjednoczone Emiraty Arabskie 0 1 1
80%
Izrael 1 2 1
67%
Jordania 0 1 0
67%
Kuwejt 1 1 1
57%
Tajwan 0 0 1
55%
Birma 0 1 0
53%
Hongkong 0 0 1
31%
Nie znaleziono quizów pasujących do podanych kryteriów
Rozkład punktacji
Procent ludzi z każdym wynikiem
Percentyl według liczby udzielonych odpowiedzi
Twoja historia wyników
Nie rozwiązałeś tego quizu